| 000 | 00871nam a2200253 a 4500 | ||
|---|---|---|---|
| 001 | 000024254 | ||
| 005 | 20200930022841.0 | ||
| 008 | 110125s1971 sp 000 0 spa d | ||
| 040 |
_aDO-SdBNP _bspa _cBNPHU |
||
| 041 | 1 | 7 |
_aspa _heng _2Código de idiomas MARC |
| 082 |
_ann* _bnn* |
||
| 100 | 1 |
_aDollot, Louis. _949795 |
|
| 240 | 1 | 4 |
_aLes migrations humaines. _lEspañol |
| 245 | 1 | 4 |
_aLas migraciones humanas / _cLouis Dollot ; traducción de Rafael M. Bofill. |
| 260 |
_aBarcelona : _bOikos-tau, _c1971. |
||
| 300 |
_a120, [7] p. ; _c17 cm. |
||
| 490 | 1 |
_a¿Qué sé? _v62 |
|
| 534 |
_aTítulo orginial de la obra : _tLes migrations humaines |
||
| 504 | _aBibliografía : [121] p. | ||
| 500 | _aIncluye referencias bibliográficas y notas al pie de las páginas. | ||
| 700 | 1 |
_aBofill, Rafael M., _etr. _948619 |
|
| 830 | 0 |
_a¿Qué sé? _v62 _927270 |
|
| 049 | _aBNGR | ||
| 999 |
_c23748 _d23748 |
||